[Event "36th ECC Open 2021"]
[Site "Struga MKD"]
[Date "2021.09.19"]
[Round "2.3"]
[Board "4"]
[White "Anton Guijarro, David"]
[Black "Brunner, Nicolas"]
[Result "1-0"]
[WhiteTitle "GM"]
[BlackTitle "IM"]
[WhiteElo "2651"]
[BlackElo "2425"]
[WhiteTeam "AVE Novy Bor"]
[BlackTeam "Schachgesellschaft Riehen"]
[WhiteFideId "2285525"]
[BlackFideId "620246"]
[EventDate "2021.09.18"]
[EventType "team"]

1. e4 c5 2. Nf3 d6 3. Bb5+ Nd7 4. c3 Nf6 5. Bd3 a6 6. Bc2 b5 7. d4 e6 8. O-O Bb7
9. Re1 Be7 10. Nbd2 O-O 11. Nf1 Qc7 12. Ng3 Rfc8 13. Bd3 g6 14. Bg5 e5 15. Qd2
Re8 16. Rac1 Qb6 17. Bb1 Bf8 18. d5 c4 19. b3 cxb3 20. axb3 a5 21. b4 Rec8 22.
h3 Qd8 23. Bd3 Ba6 24. Qe2 Rab8 25. Nd2 h6 26. Be3 axb4 27. cxb4 Nb6 28. Ra1 Na4
29. Rxa4 bxa4 30. Bxa6 Rc2 31. Qd3 Qc7 32. Nc4 1-0

[Event "36th ECC Open 2021"]
[Site "Struga MKD"]
[Date "2021.09.19"]
[Round "2.3"]
[Board "5"]
[White "Haag, Gregor"]
[Black "Sasikiran, Krishnan"]
[Result "0-1"]
[BlackTitle "GM"]
[WhiteElo "2370"]
[BlackElo "2647"]
[WhiteTeam "Schachgesellschaft Riehen"]
[BlackTeam "AVE Novy Bor"]
[WhiteFideId "24680931"]
[BlackFideId "5004985"]
[EventDate "2021.09.18"]
[EventType "team"]

1. d4 Nf6 2. c4 g6 3. Nc3 Bg7 4. e4 d6 5. Be2 O-O 6. Be3 e5 7. d5 a5 8. g4 Na6
9. g5 Nd7 10. h4 Ndc5 11. Qd2 a4 12. O-O-O a3 13. b3 c6 14. Kb1 Qa5 15. f3 Nb4
16. Nh3 Ra6 17. Nf2 Rb6 18. Bxc5 Qxc5 19. Na4 Qxf2 20. Rhf1 Qxh4 21. Nxb6 c5 22.
Rh1 Qf2 23. Rdf1 Qg3 24. Rfg1 Qf2 25. Rf1 Qg3 26. Rfg1 Qf4 27. Qxf4 exf4 28. Rh4
Be5 29. Rgh1 h5 30. gxh6 Kh7 31. Bf1 Rd8 32. R4h2 Bd7 33. Bh3 Bxh3 34. Rxh3 Nd3
35. Rf1 Bd4 36. Kc2 Nb4+ 37. Kb1 Nd3 38. Kc2 Ne5 39. Na4 Rb8 40. Nb6 g5 41. Rd1
Be3 42. Na4 Rg8 43. Nc3 g4 44. fxg4 Rxg4 45. Nb5 Rg2+ 46. Kb1 Rb2+ 47. Ka1 Re2
48. Nxa3 f3 49. Rf1 Bd4+ 50. Kb1 Rb2+ 51. Kc1 Nd3+ 52. Kd1 Be3 0-1

[Event "36th ECC Open 2021"]
[Site "Struga MKD"]
[Date "2021.09.19"]
[Round "2.3"]
[Board "6"]
[White "Bartel, Mateusz"]
[Black "Heinz, Timothee"]
[Result "1-0"]
[WhiteTitle "GM"]
[BlackTitle "FM"]
[WhiteElo "2611"]
[BlackElo "2394"]
[WhiteTeam "AVE Novy Bor"]
[BlackTeam "Schachgesellschaft Riehen"]
[WhiteFideId "1112635"]
[BlackFideId "623369"]
[EventDate "2021.09.18"]
[EventType "team"]

1. e4 e6 2. d4 d5 3. Nc3 Nf6 4. Bg5 dxe4 5. Nxe4 Nbd7 6. Nf3 h6 7. Bxf6 Nxf6 8.
Bd3 Bd6 9. c3 Bd7 10. Ne5 Qe7 11. Qf3 Bxe5 12. dxe5 Nxe4 13. Bxe4 Qg5 14. O-O c6
15. Rad1 Qxe5 16. Rd4 Qf6 17. Qe3 e5 18. Bc2 O-O-O 19. Ra4 a6 20. Bd3 Kc7 21.
Rb4 Rb8 22. Qb6+ Kd6 23. f4 Be6 24. Re4 Qd8 25. fxe5+ Ke7 26. Qc5+ Ke8 27. Rd4
Qe7 28. Rd6 Rd8 29. Be4 Rxd6 30. exd6 Qd7 31. a4 Rf8 32. Re1 Kd8 33. b4 Re8 34.
Bf3 f6 35. Bh5 1-0

[Event "36th ECC Open 2021"]
[Site "Struga MKD"]
[Date "2021.09.19"]
[Round "2.4"]
[Board "1"]
[White "Grischuk, Alexander"]
[Black "Westerberg, Jonathan"]
[Result "1-0"]
[WhiteTitle "GM"]
[BlackTitle "GM"]
[WhiteElo "2775"]
[BlackElo "2526"]
[WhiteTeam "KPRF"]
[BlackTeam "Stocholms SS"]
[WhiteFideId "4126025"]
[BlackFideId "1701754"]
[EventDate "2021.09.18"]
[EventType "team"]

1. d4 Nf6 2. c4 e6 3. Nf3 Bb4+ 4. Nbd2 O-O 5. a3 Be7 6. e4 d6 7. Be2 c5 8. d5
Nbd7 9. Qc2 Re8 10. Nf1 exd5 11. cxd5 Bf8 12. Ng3 b5 13. O-O Rb8 14. a4 bxa4 15.
Rxa4 Qc7 16. Bd2 Nb6 17. Ra5 Bg4 18. Rfa1 Nc8 19. Bb5 Bd7 20. Bf1 Qd8 21. h3 g6
22. Bc3 Bg7 23. Bd3 h5 24. Qd2 Nh7 25. Bxg7 Kxg7 26. Qc3+ Qf6 27. e5 dxe5 28.
Ne4 Qf4 29. Nxc5 Nf6 30. Nxd7 Nxd7 31. Bb5 Ncb6 32. Bxd7 Nxd7 33. Rxa7 Nf6 34.
d6 e4 35. Rxf7+ Kxf7 36. Ra7+ Kg8 37. Qc7 Nd7 38. Qxd7 Qc1+ 39. Ne1 Qh6 40. Qf7+
Kh8 41. Qf6+ Kg8 42. g4 hxg4 43. hxg4 Rf8 44. Qe6+ Kh8 45. Qe5+ Kg8 46. g5 Qh8
47. Qd5+ 1-0

[Event "36th ECC Open 2021"]
[Site "Struga MKD"]
[Date "2021.09.19"]
[Round "2.4"]
[Board "2"]
[White "Seo, Jung Min"]
[Black "Dreev, Aleksey"]
[Result "1/2-1/2"]
[WhiteTitle "IM"]
[BlackTitle "GM"]
[WhiteElo "2469"]
[BlackElo "2637"]
[WhiteTeam "Stocholms SS"]
[BlackTeam "KPRF"]
[WhiteFideId "1734687"]
[BlackFideId "4100107"]
[EventDate "2021.09.18"]
[EventType "team"]

1. d4 Nf6 2. c4 e6 3. Nf3 d5 4. Nc3 Nbd7 5. cxd5 exd5 6. Bg5 c6 7. e3 Be7 8. Bd3
Ne4 9. Bxe7 Qxe7 10. Qc2 Ndf6 11. O-O Bf5 12. Ne5 O-O 13. Rfe1 Rfe8 14. f3 Nxc3
15. bxc3 Bxd3 16. Qxd3 c5 17. a4 Rac8 18. a5 Rc7 19. Qb5 Qd6 20. Nd3 cxd4 21.
cxd4 h5 22. Rab1 Rce7 23. Qc5 Qxc5 24. Nxc5 b6 25. axb6 axb6 26. Rxb6 Rxe3 27.
Rxe3 Rxe3 28. Rb8+ Re8 29. Rxe8+ Nxe8 30. Kf2 Nd6 31. Nd3 Nf5 32. Nf4 g6 33.
Nxd5 Nxd4 1/2-1/2

[Event "36th ECC Open 2021"]
[Site "Struga MKD"]
[Date "2021.09.19"]
[Round "2.4"]
[Board "3"]
[White "Zvjaginsev, Vadim"]
[Black "Lokander, Martin"]
[Result "1-0"]
[WhiteTitle "GM"]
[BlackTitle "IM"]
[WhiteElo "2603"]
[BlackElo "2452"]
[WhiteTeam "KPRF"]
[BlackTeam "Stocholms SS"]
[WhiteFideId "4113403"]
[BlackFideId "1709569"]
[EventDate "2021.09.18"]
[EventType "team"]

1. c4 c6 2. e4 d5 3. cxd5 cxd5 4. exd5 Nf6 5. Nc3 Nxd5 6. Nf3 Nc6 7. Bb5 g6 8.
Qa4 Nb6 9. Bxc6+ bxc6 10. Qxc6+ Bd7 11. Qe4 Bg7 12. d4 Rc8 13. O-O Bc6 14. Qe2
Bxf3 15. Qxf3 Qxd4 16. a4 O-O 17. Rd1 Qf6 18. Qxf6 Bxf6 19. a5 Nc4 20. Nd5 Rfd8
21. Nxf6+ exf6 22. Re1 Rd5 23. a6 Rb5 24. h3 Na5 25. Be3 Kg7 26. Bxa7 Ra8 27.
Be3 Nc4 28. Bd4 Rd5 29. Red1 Rad8 30. a7 Nb6 31. Bxb6 Rxd1+ 32. Rxd1 Rxd1+ 33.
Kh2 Ra1 34. b4 Ra6 35. Bc5 1-0

[Event "36th ECC Open 2021"]
[Site "Struga MKD"]
[Date "2021.09.19"]
[Round "2.4"]
[Board "4"]
[White "Ertan, Can"]
[Black "Rublevsky, Sergei"]
[Result "0-1"]
[WhiteTitle "IM"]
[BlackTitle "GM"]
[WhiteElo "2384"]
[BlackElo "2641"]
[WhiteTeam "Stocholms SS"]
[BlackTeam "KPRF"]
[WhiteFideId "6306330"]
[BlackFideId "4115309"]
[EventDate "2021.09.18"]
[EventType "team"]

1. e4 c5 2. Nf3 e6 3. d4 cxd4 4. Nxd4 Nc6 5. Nc3 a6 6. Nxc6 bxc6 7. Bd3 d5 8.
O-O Nf6 9. Bg5 Be7 10. e5 Nd7 11. Bxe7 Qxe7 12. Qg4 g6 13. Qg3 a5 14. b3 Ba6 15.
h4 h5 16. Rfe1 Qb4 17. Ne2 Bxd3 18. cxd3 Qg4 19. Rac1 Qxg3 20. Nxg3 c5 21. d4
cxd4 22. Rc7 Ke7 23. f4 Rhc8 24. Rec1 Kd8 25. R7c2 Rxc2 26. Rxc2 a4 27. b4 Rb8
28. a3 Rc8 29. Rxc8+ Kxc8 30. Ne2 d3 31. Nc3 d2 32. Kf2 d4 33. Nd1 Nb6 34. Ke2
Nc4 35. g3 Nxa3 36. Kxd2 Nc4+ 37. Kc1 a3 38. Kb1 d3 39. Nc3 Ne3 40. Ne4 Nf1 41.
Nf2 d2 42. Nd1 Nxg3 43. Ka2 Nf5 44. Kxa3 Nxh4 45. Kb3 Ng2 46. Kc2 Nxf4 47. Kxd2
Nd5 48. b5 Kc7 49. Nf2 Kb6 50. Ne4 Kxb5 51. Kd3 Nb4+ 52. Ke3 Kc4 53. Nd6+ Kd5
54. Nxf7 Nc6 55. Kf4 Nxe5 0-1

[Event "36th ECC Open 2021"]
[Site "Struga MKD"]
[Date "2021.09.19"]
[Round "2.5"]
[Board "1"]
[White "Dardha, Daniel"]
[Black "Korobov, Anton"]
[Result "1/2-1/2"]
[WhiteTitle "IM"]
[BlackTitle "GM"]
[WhiteElo "2521"]
[BlackElo "2685"]
[WhiteTeam "Schachfreunde Wirtzfeld"]
[BlackTeam "Silla-Valencia Origin of Chess"]
[WhiteFideId "240990"]
[BlackFideId "14105730"]
[EventDate "2021.09.18"]
[EventType "team"]

1. d4 d5 2. c4 e6 3. Nf3 Nf6 4. Nc3 Nbd7 5. Bf4 dxc4 6. e3 Nd5 7. Bxc4 Nxf4 8.
exf4 Bd6 9. g3 O-O 10. O-O b6 11. Qe2 Nf6 12. Rad1 Bb7 13. Rfe1 a6 14. Bd3 Bb4
15. Ng5 Bxc3 16. bxc3 Qd5 17. Ne4 Nxe4 18. Bxe4 Qxe4 19. Qxe4 Bxe4 20. Rxe4 Rfd8
21. Re5 Rd6 22. f5 exf5 23. Rxf5 Re8 24. Kf1 g6 25. Rf3 c5 26. Rfd3 cxd4 27.
Rxd4 Rc6 28. Rd6 Rec8 29. Rxc6 Rxc6 30. Rd3 Kf8 31. Ke2 Rc4 32. Kd1 Ra4 33. Rd2
Ke7 34. h4 b5 35. Kc1 h5 36. Re2+ Kf6 37. Kb2 Kf5 38. f3 f6 39. Re8 g5 40. Rh8
Kg6 41. hxg5 fxg5 42. Rg8+ Kf6 43. a3 h4 44. f4 gxf4 45. gxh4 Kf7 46. Rg5 Ke6
47. Rg8 Re4 48. Kc2 Kf5 49. Rg5+ Kf6 50. Rg4 Kf5 51. Rg5+ Kf6 52. Rg4 1/2-1/2

[Event "36th ECC Open 2021"]
[Site "Struga MKD"]
[Date "2021.09.19"]
[Round "2.5"]
[Board "3"]
[White "Roeder, Matthias"]
[Black "Abasov, Nijat"]
[Result "1/2-1/2"]
[WhiteTitle "IM"]
[BlackTitle "GM"]
[WhiteElo "2372"]
[BlackElo "2652"]
[WhiteTeam "Schachfreunde Wirtzfeld"]
[BlackTeam "Silla-Valencia Origin of Chess"]
[WhiteFideId "4600223"]
[BlackFideId "13402960"]
[EventDate "2021.09.18"]
[EventType "team"]

1. Nf3 Nf6 2. g3 b5 3. Bg2 Bb7 4. O-O e6 5. d3 Be7 6. a4 a6 7. e4 d6 8. axb5
axb5 9. Rxa8 Bxa8 10. Na3 b4 11. Nc4 O-O 12. Bd2 d5 13. exd5 Bxd5 14. Nfe5 Bc5
15. Re1 Qc8 16. Bg5 Nbd7 17. d4 Ba7 18. Nxd7 Nxd7 19. Bxd5 exd5 20. Ne3 Qa6 21.
Be7 Rb8 22. Nxd5 Qc4 23. Ne3 Qxd4 24. Qxd4 Bxd4 25. Rd1 Ne5 26. Bxb4 Rxb4 27. c3
Rxb2 28. cxd4 Nf3+ 29. Kg2 Ng5 30. Rc1 Rb7 31. h4 Ne6 32. d5 1/2-1/2

[Event "36th ECC Open 2021"]
[Site "Struga MKD"]
[Date "2021.09.19"]
[Round "2.5"]
[Board "4"]
[White "Santos Latasa, Jaime"]
[Black "Hautot, Stephane"]
[Result "1-0"]
[WhiteTitle "GM"]
[BlackTitle "IM"]
[WhiteElo "2627"]
[BlackElo "2329"]
[WhiteTeam "Silla-Valencia Origin of Chess"]
[BlackTeam "Schachfreunde Wirtzfeld"]
[WhiteFideId "2293307"]
[BlackFideId "202282"]
[EventDate "2021.09.18"]
[EventType "team"]

1. e4 c5 2. Nf3 d6 3. d4 cxd4 4. Qxd4 Bd7 5. h3 Nf6 6. Be2 g6 7. O-O Bg7 8. Qe3
O-O 9. c4 Nc6 10. Nc3 Rc8 11. Rb1 a6 12. b3 Re8 13. Rd1 Qc7 14. Bb2 Na5 15. Nd5
Nxd5 16. exd5 b5 17. Bxg7 Kxg7 18. Rdc1 bxc4 19. b4 Bb5 20. Qc3+ Kg8 21. bxa5
Qc5 22. Rb4 Qxd5 23. a4 Bd7 24. Rxc4 Qe6 25. Qd2 d5 26. Rxc8 Rxc8 27. Rxc8+ Bxc8
28. Bf1 f6 29. Qb4 Kf7 30. Nd4 Qd7 31. Nb3 1-0

[Event "36th ECC Open 2021"]
[Site "Struga MKD"]
[Date "2021.09.19"]
[Round "2.6"]
[Board "1"]
[White "Berkes, Ferenc"]
[Black "Markoja, Boris"]
[Result "1-0"]
[WhiteTitle "GM"]
[BlackTitle "IM"]
[WhiteElo "2671"]
[BlackElo "2453"]
[WhiteTeam "Team XtraCon"]
[BlackTeam "Maribor Poligram"]
[WhiteFideId "718572"]
[BlackFideId "14608502"]
[EventDate "2021.09.18"]
[EventType "team"]

1. d4 Nf6 2. c4 c5 3. d5 e6 4. Nc3 exd5 5. cxd5 d6 6. Nf3 g6 7. Nd2 Bg7 8. e4
O-O 9. Be2 Na6 10. O-O Nc7 11. a4 Re8 12. f3 b6 13. Nc4 Ba6 14. Bg5 h6 15. Bh4
Qd7 16. Kh1 Bxc4 17. Bxc4 a6 18. Qd3 Nh5 19. Rfe1 g5 20. Bf2 Nf4 21. Qc2 b5 22.
Bf1 b4 23. Nb1 b3 24. Qc1 Rab8 25. Nd2 f5 26. Ra3 fxe4 27. fxe4 Qf7 28. Bg1 Qg6
29. Re3 Re7 30. Rexb3 Rf8 31. Rb6 Be5 32. Bxc5 Ne8 33. Bg1 Nf6 34. Qc4 Qh5 35.
Nf3 Ng6 36. Rab3 Bf4 37. e5 Ng4 38. Rb8 N4xe5 39. Rxf8+ Kxf8 40. Qc8+ Kg7 41.
Nd4 Bxh2 42. Rh3 Qd1 43. Nf5+ 1-0

[Event "36th ECC Open 2021"]
[Site "Struga MKD"]
[Date "2021.09.19"]
[Round "2.6"]
[Board "2"]
[White "Subelj, Jan"]
[Black "Banusz, Tamas"]
[Result "1-0"]
[WhiteTitle "IM"]
[BlackTitle "GM"]
[WhiteElo "2415"]
[BlackElo "2641"]
[WhiteTeam "Maribor Poligram"]
[BlackTeam "Team XtraCon"]
[WhiteFideId "14618583"]
[BlackFideId "722413"]
[EventDate "2021.09.18"]
[EventType "team"]

1. e4 e5 2. Nf3 Nc6 3. Bb5 g6 4. O-O Bg7 5. c3 a6 6. Ba4 d6 7. d4 exd4 8. Nxd4
Bd7 9. Nxc6 Bxc6 10. Bxc6+ bxc6 11. c4 Nf6 12. Nc3 O-O 13. Bg5 h6 14. Bh4 Qb8
15. b3 Qb4 16. Rc1 Nd7 17. Na4 Nc5 18. Nxc5 Qxc5 19. Kh1 f5 20. exf5 Qxf5 21. c5
d5 22. Bg3 Rae8 23. Bxc7 Re6 24. Qd2 Rfe8 25. Qa5 Qd3 26. h3 Re2 27. Qb6 R8e6
28. Bd6 Qb5 29. Qd8+ Re8 30. Qd7 a5 31. f4 Qd3 32. Be5 R8xe5 33. fxe5 Qg3 34.
Qg4 Rxg2 35. Qxg3 Rxg3 36. e6 Rxh3+ 37. Kg2 Rh5 38. Rce1 Rg5+ 39. Kh3 Rh5+ 40.
Kg2 Rg5+ 41. Kf3 Kf8 42. Ke2+ Ke8 43. Kd1 Be5 44. Rf7 h5 45. Ref1 h4 46. Rh7 h3
47. Rff7 Rh5 48. Re7+ Kd8 49. Rd7+ Kc8 50. Rxh5 gxh5 51. Rh7 h2 52. Rxh5 Kd8 53.
Rh7 Ke8 54. Ke2 Kf8 55. Kf3 Kg8 56. Rh5 1-0

[Event "36th ECC Open 2021"]
[Site "Struga MKD"]
[Date "2021.09.19"]
[Round "2.7"]
[Board "1"]
[White "Nevednichy, Vladislav"]
[Black "Mikhalevski, Victor"]
[Result "1-0"]
[WhiteTitle "GM"]
[BlackTitle "GM"]
[WhiteElo "2498"]
[BlackElo "2573"]
[WhiteTeam "Gambit Asseko SEE"]
[BlackTeam "BEER SHEVA"]
[WhiteFideId "1205730"]
[BlackFideId "2801914"]
[EventDate "2021.09.18"]
[EventType "team"]

1. e4 e5 2. Nf3 Nc6 3. Bc4 Bc5 4. d3 Nf6 5. O-O O-O 6. Bg5 h6 7. Bh4 Be7 8. Bg3
d6 9. a4 Re8 10. a5 a6 11. c3 Be6 12. Bxe6 fxe6 13. Nbd2 Bf8 14. h3 Qd7 15. Re1
Qf7 16. Nb3 Rad8 17. Bh2 Nh5 18. Rc1 g5 19. d4 Bg7 20. Rc2 Nf4 21. Bxf4 Qxf4 22.
d5 exd5 23. Qxd5+ Kh7 24. Nc1 Rb8 25. Ne2 Qf6 26. Nh2 Qg6 27. Ng3 Ne7 28. Qd1 b6
29. axb6 Rxb6 30. Ng4 a5 31. Ne3 Reb8 32. Qe2 Qe6 33. Ra1 Rb5 34. Ngf5 Ng6 35.
g3 Bf8 36. Qc4 Qxc4 37. Nxc4 Rc5 38. Ra4 d5 39. exd5 Rxd5 40. Nfe3 Rdb5 41. Rd2
Kg8 42. Rxa5 Rxa5 43. Nxa5 Kf7 44. Rd7+ Ke6 45. Rxc7 Rxb2 46. Rc6+ Kf7 47. Nac4
Ra2 48. Ng4 Ra1+ 49. Kg2 Re1 50. Rf6+ Kg7 51. Nce3 h5 52. Nf5+ Kh7 53. Rf7+ Kg8
54. Nfh6+ Bxh6 55. Nxh6+ Kh8 56. Rc7 e4 57. Nf7+ Kg8 58. Nxg5 e3 59. fxe3 Rxe3
60. Kf2 Re5 61. Nf3 Ra5 62. Ke3 Kf8 63. Nd4 h4 64. gxh4 Nxh4 65. Ke4 Ra1 66. c4
Rh1 67. Kd5 Ng6 68. Ne6+ Ke8 69. Rh7 Rd1+ 70. Kc5 Ne5 71. Nc7+ Kf8 72. Nd5 Rc1
73. Nb6 Rh1 74. Kd5 Nf7 75. Nd7+ Ke8 76. Nf6+ Kf8 77. Ne4 Rd1+ 78. Kc5 Ne5 79.
Rh5 Nd3+ 80. Kc6 Ke7 81. Rh7+ Kf8 82. c5 Re1 83. Nd6 Kg8 84. Rh5 Kg7 85. Rg5+
Kf6 86. Rg3 Rd1 87. Ne4+ Ke5 88. Nc3 Rd2 89. Rg5+ Kf4 90. Rg4+ Kf5 91. Rd4 Ne5+
92. Kd5 Rh2 93. Nb5 Ng6 94. Nd6+ Kf6 95. Ne4+ Ke7 96. Ng5 Kf6 97. Ne4+ Ke7 98.
c6 Rxh3 99. Kc5 Nf8 100. Ng5 Rh5 101. Rd5 Rh1 102. Re5+ Kf6 103. Re8 Rc1+ 104.
Kb6 Rb1+ 105. Ka7 Ra1+ 106. Kb7 Rb1+ 107. Kc8 Ng6 108. Ne4+ Kf7 109. Nd6+ Kf6
110. c7 Ne7+ 111. Kd8 Re1 112. Rxe7 Rxe7 113. c8=Q 1-0

[Event "36th ECC Open 2021"]
[Site "Struga MKD"]
[Date "2021.09.19"]
[Round "2.7"]
[Board "2"]
[White "Nabaty, Tamir"]
[Black "Nikolovski, Nikola"]
[Result "1-0"]
[WhiteTitle "GM"]
[BlackTitle "IM"]
[WhiteElo "2638"]
[BlackElo "2409"]
[WhiteTeam "BEER SHEVA"]
[BlackTeam "Gambit Asseko SEE"]
[WhiteFideId "2809052"]
[BlackFideId "15002314"]
[EventDate "2021.09.18"]
[EventType "team"]

1. d4 Nf6 2. Nf3 c5 3. d5 b5 4. c3 Bb7 5. e4 Nxe4 6. Bxb5 e6 7. dxe6 fxe6 8.
Nbd2 Nxd2 9. Bxd2 Be7 10. Bd3 c4 11. Bxc4 O-O 12. Qe2 Nc6 13. Bd3 Qa5 14. O-O h6
15. b4 Qh5 16. Nd4 Qd5 17. Nxc6 Bxc6 18. f3 Bd6 19. f4 Rf6 20. c4 Qd4+ 21. Be3
Qc3 22. b5 Bb7 23. Rac1 Qb4 24. c5 Bxf4 25. Rxf4 Rxf4 26. a3 Qa4 27. Bc2 Qxa3
28. Bxf4 Qxc5+ 29. Be3 Qe5 30. Qd3 Rf8 31. Bd4 Qg5 32. Qh7+ Kf7 33. Bg6+ 1-0

[Event "36th ECC Open 2021"]
[Site "Struga MKD"]
[Date "2021.09.19"]
[Round "2.7"]
[Board "3"]
[White "Risteski, Emil"]
[Black "Rodshtein, Maxim"]
[Result "1/2-1/2"]
[WhiteTitle "FM"]
[BlackTitle "GM"]
[WhiteElo "2320"]
[BlackElo "2599"]
[WhiteTeam "Gambit Asseko SEE"]
[BlackTeam "BEER SHEVA"]
[WhiteFideId "15005267"]
[BlackFideId "2806851"]
[EventDate "2021.09.18"]
[EventType "team"]

1. e4 e6 2. d4 d5 3. Nd2 c5 4. Ngf3 cxd4 5. exd5 Qxd5 6. Bc4 Qd7 7. O-O Nc6 8.
Nb3 a6 9. a4 Nf6 10. Qe2 Qc7 11. Rd1 Bd7 12. Nbxd4 Bc5 13. c3 O-O 14. Bg5 Rfe8
15. Bd3 h6 16. Bxf6 gxf6 17. Nxc6 Bxc6 18. Nd4 f5 19. Nxc6 Qxc6 20. a5 Red8 21.
Qc2 b5 22. axb6 a5 23. b4 Bxb6 24. bxa5 Rxa5 25. Rxa5 Bxa5 26. c4 Qc5 27. Bf1
Rxd1 28. Qxd1 Bb6 29. Qf3 Qd4 30. g3 Kg7 1/2-1/2

[Event "36th ECC Open 2021"]
[Site "Struga MKD"]
[Date "2021.09.19"]
[Round "2.9"]
[Board "1"]
[White "Atlas, Valery"]
[Black "Shevchenko, Kirill"]
[Result "1/2-1/2"]
[WhiteTitle "IM"]
[BlackTitle "GM"]
[WhiteElo "2426"]
[BlackElo "2633"]
[WhiteTeam "Perfect"]
[BlackTeam "Vugar Gashimov"]
[WhiteFideId "12000035"]
[BlackFideId "14129574"]
[EventDate "2021.09.18"]
[EventType "team"]

1. e4 c5 2. Nf3 d6 3. d4 cxd4 4. Nxd4 Nf6 5. Nc3 Nc6 6. g3 g6 7. Bg2 Nxd4 8.
Qxd4 Bg7 9. a4 O-O 10. O-O Qc7 11. Qd1 Bg4 12. Nd5 Nxd5 13. Qxg4 Nb4 14. c3 Nd3
15. a5 Rac8 16. Qe2 Nxc1 17. Rfxc1 Qb8 18. Ra4 Rc5 19. Rca1 Qc7 20. h4 Rb8 21.
Bf3 h5 22. Bg2 Bf6 23. Kh2 Kg7 24. f4 e6 25. Bf3 d5 26. exd5 exd5 27. Rd1 Rd8
28. Qg2 Qd7 29. Raa1 Qb5 30. Rd2 d4 31. cxd4 Rdd5 32. dxc5 Rxc5 33. Rd4 Bxd4 34.
Rd1 Bf6 35. Bxb7 Qxa5 36. Rd5 Rxd5 37. Bxd5 Bd4 38. b3 Bc3 39. Bc4 Qf5 40. Qd5
Qxd5 1/2-1/2

[Event "36th ECC Open 2021"]
[Site "Struga MKD"]
[Date "2021.09.19"]
[Round "2.10"]
[Board "1"]
[White "Smith, Axel"]
[Black "Cornette, Matthieu"]
[Result "0-1"]
[WhiteTitle "GM"]
[BlackTitle "GM"]
[WhiteElo "2451"]
[BlackElo "2578"]
[WhiteTeam "Lunds ASK"]
[BlackTeam "ASNIERES Le Grand Echiquier"]
[WhiteFideId "1707930"]
[BlackFideId "620084"]
[EventDate "2021.09.18"]
[EventType "team"]

1. d4 Nf6 2. c4 e6 3. Nc3 Bb4 4. e3 O-O 5. Ne2 Re8 6. a3 Bf8 7. Ng3 d5 8. Be2
dxc4 9. O-O Nc6 10. Bxc4 e5 11. d5 Ne7 12. b4 Nf5 13. Nge4 Nxe4 14. Nxe4 Nd6 15.
Nxd6 Bxd6 16. e4 f5 17. exf5 Bxf5 18. Qh5 Qd7 19. Be3 Rf8 20. Qe2 Rf6 21. Bc5
Raf8 22. Qe3 Qf7 23. f3 Qg6 24. Rf2 b6 25. Bxd6 cxd6 26. Rc1 h5 27. Be2 Be4 28.
Rd1 h4 29. Rff1 Bf5 30. Kh1 Qf7 31. Rc1 h3 32. Rg1 hxg2+ 33. Rxg2 Rg6 34. Rg5
Rxg5 35. Qxg5 Bd3 36. Qe3 Bxe2 37. Qxe2 Qxd5 38. Kg2 Rf4 39. Rd1 Qe6 40. Qd3 Rd4
41. Qc2 Rh4 42. Kg1 d5 43. Qd3 d4 44. Rd2 Rf4 45. Re2 Qh3 46. Qc4+ Kh7 47. Qd3+
g6 48. Rg2 Qf5 49. Qxf5 gxf5 50. Rg3 e4 51. fxe4 fxe4 52. Rg5 d3 53. Rd5 e3 54.
Rxd3 e2 0-1

[Event "36th ECC Open 2021"]
[Site "Struga MKD"]
[Date "2021.09.19"]
[Round "2.10"]
[Board "6"]
[White "Moingt, Jean-Claude"]
[Black "Nord, Alexander"]
[Result "1/2-1/2"]
[WhiteTitle "FM"]
[WhiteElo "2125"]
[BlackElo "2144"]
[WhiteTeam "ASNIERES Le Grand Echiquier"]
[BlackTeam "Lunds ASK"]
[WhiteFideId "601608"]
[BlackFideId "1738135"]
[EventDate "2021.09.18"]
[EventType "team"]

1. e4 c5 2. Nf3 d6 3. Bb5+ Nd7 4. Ba4 Nf6 5. O-O g6 6. Re1 Bg7 7. c3 O-O 8. d4
e5 9. dxe5 dxe5 10. Nbd2 Qe7 11. Nc4 Rd8 12. Nd6 Nb6 13. Nxc8 Raxc8 14. Qc2 h6
15. Bb5 c4 16. Be3 Nfd7 17. Bxd7 Rxd7 18. Red1 Rcd8 19. Ne1 Kh7 20. Qe2 Na4 21.
Rxd7 Qxd7 22. Qxc4 Nxb2 23. Qb3 Nd1 24. Nc2 Qd3 25. Bxa7 Qe2 26. h4 Rd2 27. Qxf7
Rxc2 28. Rb1 Nb2 29. Bc5 Qc4 30. Qxc4 Nxc4 31. Rxb7 Kg8 32. Rb8+ Kf7 33. Rb7+
Kf6 34. Be7+ Ke6 35. Bb4 Bf6 36. Rh7 Bxh4 37. Rxh6 Bxf2+ 38. Kh2 Kf6 39. a4 Ra2
40. Rh3 Be1 41. Rf3+ Ke6 42. Kh3 Rxa4 43. Kg4 Bd2 44. Rf8 Ne3+ 45. Kg5 Nc2+ 46.
Kxg6 Nxb4 47. cxb4 Bxb4 48. Rf6+ Kd7 49. Kf5 Bd6 50. Rg6 Ra2 51. Rg7+ Kc6 52.
Ke6 Re2 53. Rg4 Bc7 54. g3 Re3 55. Kf5 Rf3+ 56. Ke6 Re3 57. Kf5 Bd6 58. Rg8 Re1
59. Rg6 Kc5 60. Rg8 Kc6 61. Rg6 Rd1 62. Rg8 Rd3 63. Rg6 Kc5 64. Rg8 Bc7 65. Rc8
Kc6 66. Rg8 Kc5 67. Rc8 Rd7 68. g4 Kd6 69. Rf8 Rg7 70. g5 Ke7 71. Ra8 Kf7 72.
Ra7 Ke8 73. g6 Rd7 74. Ke6 Rd6+ 75. Kxe5 Rxg6+ 76. Rxc7 Ra6 77. Kf5 Rb6 78. e5
Ra6 79. Rh7 Rb6 80. e6 Rb1 81. Rh8+ Ke7 82. Rh7+ Ke8 83. Rh8+ Ke7 1/2-1/2

[Event "36th ECC Open 2021"]
[Site "Struga MKD"]
[Date "2021.09.19"]
[Round "2.11"]
[Board "1"]
[White "Sorensen, Hampus"]
[Black "Llobell Cortell, Enrique"]
[Result "1/2-1/2"]
[WhiteTitle "FM"]
[BlackTitle "IM"]
[WhiteElo "2383"]
[BlackElo "2392"]
[WhiteTeam "Team Pelaro Alingsas"]
[BlackTeam "Andreu Paterna"]
[WhiteFideId "8703884"]
[BlackFideId "2216116"]
[EventDate "2021.09.18"]
[EventType "team"]

1. d4 Nf6 2. c4 e6 3. Nc3 Bb4 4. e3 O-O 5. Bd2 d6 6. Qc2 e5 7. dxe5 dxe5 8. a3
Bd6 9. Nge2 Re8 10. Ng3 a5 11. Be2 Be6 12. O-O c6 13. Na4 Nbd7 14. Rfd1 Qe7 15.
Rac1 Nc5 16. Nxc5 Bxc5 17. Bc3 Bg4 18. Bxg4 Nxg4 19. Qe2 Qh4 20. Nf1 Nf6 21. Rc2
Bb6 22. Ng3 Ng4 23. Nf1 Nf6 24. Ng3 Ng4 25. Nf1 Nf6 26. Ng3 1/2-1/2